[Event "Centelles op B"]
[Site "Centelles"]
[Date "1996.10.05"]
[Round "5"]
[White "Creus Susany, Pere"]
[Black "Salvado Nogueda, Salvador"]
[Result "1-0"]
[WhiteElo "1870"]
[BlackElo "1825"]
[PlyCount "57"]
[EventDate "1996.09.07"]
[EventType "swiss"]
[EventRounds "8"]
[EventCountry "ESP"]
[SourceTitle "EXT 2003"]
[Source "ChessBase"]
[SourceDate "2002.11.25"]
[SourceVersion "1"]
[SourceVersionDate "2002.11.25"]
[SourceQuality "1"]

1. d4 Nf6 2. c4 e6 3. Bg5 Be7 4. Nc3 0-0 5. e4 d6 6. Qc2 Nfd7 7. Bxe7 Qxe7 8. Nf3 c5 9. Nb5 Nb6 10. dxc5 dxc5 11. e5 Nc6 12. Rd1 Nb4 13. Qb1 Nc6 14. Nd6 Nd7 15. Qe4 f6 16. exf6 Nxf6 17. Qh4 Nd4 18. Nxd4 Qxd6 19. Nf3 Qb6 20. Bd3 Qxb2 21. 0-0 Qxa2 22. Ng5 h6 23. Ne4 Nxe4 24. Bxe4 Qa5 25. Rd6 Rb8 26. Rfd1 b6 27. Rd8 Bb7 28. Rxf8+ Kxf8 29. Qf4+ 1-0